000 00320nam a2200145Ia 4500
008 230718s9999 xx 000 0 und d
041 _aEng.
082 _a346.03
_bCHA-L
100 _aChaudhary , A. H.
245 0 _alaw of Torts
260 _aPakistan
_bAll Pakistan
300 _a112
650 _aLaw
999 _c29798
_d29798